000 00521cam a22002174a 4500
005 20250605164325.0
008 250528s ||||||||||||||||||||||||d
035 _a23013
020 _a9780133678062
040 _aGR-AtMCL
_bgre
_dGR-AtMCL
_eAACR2
245 1 _aTHE ESSENCE OF PROGRAM DESIGN
250 _a1
260 _bPrentice Hall,
_c1997
300 _a194
700 1 _aBell Douglas
_91518
700 1 _aMorrey Ian
_91516
700 1 _aPugh John
_91517
942 _cBK
999 _c8054
_d8054